| 000 | 01913nam2a22002651 4500 | ||
|---|---|---|---|
| 001 | RU\NLR\INFOCOMM10\1000148321 | ||
| 005 | 20250617153332.0 | ||
| 035 | _a(NLR Aleph) 002748530 | ||
| 090 |
_a2119611 _c2119611 |
||
| 100 | _a20040210d1966 |||y0rusy50 ca | ||
| 101 | 0 | _arus | |
| 102 | _aRU | ||
| 105 | _ay ||||||||| | ||
| 200 | 1 |
_aГазо-жидкостная хроматография и ее применение для анализа фракций нефтей и битумов _fС.Н. Белецкая, Г.М. Сырова |
|
| 210 |
_d[1966] _aБ. м. |
||
| 461 | 0 |
_1001RU\NLR\INFOCOMM10\1000148317 _12001#$aОбзор$iСерия: Изучение вещественного состава минерального сырья и технология обогащения руд$fМ-во геологии СССР. Всесоюз. науч.-исслед. ин-т экономики минерального сырья и геол.-развед. работ. Отд. науч.-техн. информации$v[1966], №3 _92119584 _aВсесоюзный научно-исследовательский институт экономики минерального сырья и геологоразведочных работ _cМ. _d1964-1966 _fМ-во геологии СССР. Всесоюз. науч.-исслед. ин-т экономики минерального сырья и геол.-развед. работ. Отд. науч.-техн. информации _iСерия: Изучение вещественного состава минерального сырья и технология обогащения руд _tОбзор _v[1966], №3 |
|
| 700 | 1 |
_aБелецкая _bС.Н. _4070 |
|
| 701 | 1 |
_aСырова _bГ.М. _4070 |
|
| 801 | 1 |
_aRU _bInfoComm _c20040210 |
|
| 801 | 0 |
_aRU _bNLR _gPSBO |
|
| 852 |
_aNLR _jП7/1086 |
||
| 942 | _cISSUE | ||
| 980 | _aNB | ||
| 980 | _aRUSPER | ||